01859pab a2200181 454500008004000000100001900040245012000059260000900179300001500188362001200203520126600215650002601481773003301507908000601540909001001546999001701556952010401573180718b2011 xxu||||| |||| 00| 0 eng d aRhodes, R.A.W. aOne-way, two-way, or dead-end street: British influence on the study of public administration in America since 1945 c2011 ap.559-571. aJul-Aug aWhat intellectual influence, if any, have British public administration scholars had on their American counterparts since World War II? In this article, the author briefly reviews the major areas of theory and research in the British study of publication administration, further identifying important contributions by British scholars in the areas of modernist-empiricism, the new public management, regulation, policy networks and governance, and interpretive theory. Although there is a discernible American influence on British public administration, there is little British impact on U.S. public administration; nowadays it is a one-way street. Increasingly, British scholars are involved in a growing community of public administration scholars with whom they share active, two-way connections. Recent European developments suggest that American and European public administration academics are growing further apart. Due to the immense strength of modernist-empiricism throughout American universities, plus the interpretive turn to a European epistemology of "blurred genres," these twin, traditionally self-referential, communities seem to be parting company with an attendant danger that future intellectual engagement may be a dead end. - Reproduced. aPublic administration aPublic Administration Review aN a92822 c92822d92822 00104070aIIPAbIIPAd2018-07-19hVolume no: 71, Issue no: 4pAR93282r2018-07-19w2018-07-19yAR